1697 1225 1030 1633 1203 1346 1625 1719 1987 1109 1330 1266 1358 1975 1649 1226 1489 1028 1154 1758 1798 1571 1413 1496 1507 1394 1202 1367 1893 1058 1825 1888 1738 1834 1577 1249 1695 1799 1111 1509 1900 1456 1563 1662 1166 1997 1006 1305 1800 1637 1732 1753 1707 1536 1846 1437 1947 1847 1718 1966 1229 1875 1847 1981 1320 1023 1503 1478 1327 1028 1058 1917 1359 1515 1272 1961 1443 1739 1016 1937 1335 1388 1737 1049 1881 1235 1544 1944 1916 1981 1940 1691 1778 1672 1147 1130 1568 1322 1386 BCNSPRNW ULIB Ver.6.0+V

เปลี่ยนเป็นภาษาไทย

Change to English
 แสดงรายละเอียดบรรณานุกรม
  กลับหน้าหลัก

Brief Record : Get Marc (ISO 2709) : E-mail record : QR code < ปิดหน้าต่าง
LEADER : 00000nam 2200000uu 4500
001    13399112326
003     ULIB
008    110627s||||||||th 000 0 tha d
020    8858710304091
090    นว.^bก765ด มปป.
100 0  เกรีดา
245 00 ดอกเบี้ยแสนสวาท/^cเกรีดา
260    กรุงเทพฯ :^bมายเลิฟ,^cมปป.
300    415 หน้า
710 1  มายเลิฟ
945    ^p265^l0^i030389
995    ทศพร
999 ^a ใช้งานได้ทุกระบบ
รายการนี้ยังไม่มีแท็ก
คุณยังไม่ได้ล็อกอิน คุณสามารถมีกิจกรรมร่วมกับเว็บไซต์ได้ แต่ต้องล็อกอินก่อน ::
  ล็อกอิน

รายการสื่อสารสนเทศ

ลำดับที่ ประเภท เลขเรียก/บาร์โค้ด สถานที่ สถานะ
- ไม่พบข้อมูล -

BibComment


ยังไม่เคยถูกคอมเมนท์

คอมเมนท์ทรัพยากรรายการนี้
  คอมเมนท์: ดอกเบี้ยแสนสวาท เ..


 Copyright 2026. Bcnsprnw @Library